00715nam a2200241 a 4500001001300000003000900013005001700022008004100039020001000080082001600090100001700106245005300123260003200176300000900208500003500217505005700252650002100309700001700330902000800347942000700355952009600362999001500458nice12345678IN_TiNIC20260116012045.0050524s1947 lona grs 000 0 elg  ac10000a225.48bMOU aMoulton, J H aIntroduction to the Study of New Testament Greek aLondonbEpworth Pressc1947 a260p aincludes index and biblioraphy2 aAlso Contains a First Reader in New Testament Greek. aBible N.T. Greek1 aMoulton, J H bSRS cPS 00104070aHMIbHMId2007-08-01g100.00l0o225.48 MOUp6427r2007-08-01w2026-01-16yARB c5462d5462